Normal view MARC view
  • TELECOMMUNICATION SYSTEMS MICROWAVE FIBER OPTIC MOBILE CELLULAR RADIO DATA AND DIGITAL MULTIPLEXING

Entry Topical Term

Number of records used in: 1

001 - CONTROL NUMBER

  • control field: 65687

003 - CONTROL NUMBER IDENTIFIER

  • control field: NUST

005 - DATE AND TIME OF LATEST TRANSACTION

  • control field: 20210628203457.0

008 - FIXED-LENGTH DATA ELEMENTS

  • fixed length control field: 210628|| aca||aabn | a|a d

040 ## - CATALOGING SOURCE

  • Original cataloging agency: NUST
  • Transcribing agency: NUST

150 ## - HEADING--TOPICAL TERM

  • Topical term or geographic name entry element: TELECOMMUNICATION SYSTEMS MICROWAVE FIBER OPTIC MOBILE CELLULAR RADIO DATA AND DIGITAL MULTIPLEXING

670 ## - SOURCE DATA FOUND

  • Source citation: Work cat.: (NUST): Winch, Robert.G 65686, Telecommunication transmission systems , microwave,fiber optic,mobile cellular radio,data and digital multiplexing, 1993
© 2023 Central Library, National University of Sciences and Technology. All Rights Reserved.